Đánh giá hiệu quả xử lý nước giếng khơi của mô hình bể lọc thực vật và mô hình bể lọc nước cấp truyền thống quy mô hộ gia đình nông thôn
Tổng quan tài liệu. Đối tượng và phương pháp nghiên cứu. Kết quả nghiên cứu và biện luận
সংরক্ষণ করুন:
| প্রধান লেখক: | |
|---|---|
| অন্যান্য লেখক: | |
| বিন্যাস: | গ্রন্থ |
| ভাষা: | Vietnamese |
| প্রকাশিত: |
Đà Nẵng
Đại học Đà Nẵng
2010
|
| বিষয়গুলি: | |
| ট্যাগগুলো: |
ট্যাগ যুক্ত করুন
কোনো ট্যাগ নেই, প্রথমজন হিসাবে ট্যাগ করুন!
|
| Thư viện lưu trữ: | Mạng thư viện Đại học Đà Nẵng |
|---|
| LEADER | 01507nam a2200361 4500 | ||
|---|---|---|---|
| 001 | 000011948 | ||
| 003 | 8230 | ||
| 005 | 20120214090208.0 | ||
| 008 | 120214s2010 viesd | ||
| 041 | |a vie | ||
| 072 | |a Khóa luận tốt nghiệp | ||
| 082 | |a 333.91 |b ĐI-L | ||
| 100 | |a Đinh, Trọng Lịch |e Tác giả | ||
| 245 | |a Đánh giá hiệu quả xử lý nước giếng khơi của mô hình bể lọc thực vật và mô hình bể lọc nước cấp truyền thống quy mô hộ gia đình nông thôn |c Đinh Trọng Lịch | ||
| 260 | |a Đà Nẵng |b Đại học Đà Nẵng |c 2010 | ||
| 300 | |a 48 tr. |b Hình ảnh |c 29 cm | ||
| 500 | |a Khóa luận tốt nghiệp khoa Sinh - Môi trường | ||
| 520 | |a Tổng quan tài liệu. Đối tượng và phương pháp nghiên cứu. Kết quả nghiên cứu và biện luận | ||
| 653 | |a Đánh giá | ||
| 653 | |a Xử lí nước | ||
| 653 | |a Mô hình bể lọc | ||
| 653 | |a Hộ gia đình | ||
| 700 | |a Võ Văn Minh |c T.S |e Hướng dẫn | ||
| OWN | |a LSP | ||
| AVA | |a UDN50 |b LSP |d 333.91 ĐI-L |e available |t Error 5001 Not defined in file expand_doc_bib_avail. |f 1 |g 0 |h N |i 0 |k 1 | ||
| 999 | |a From the UDN01 | ||
| AVA | |a UDN50 |b LSP |d 333.91 ĐI-L |e available |t Error 5001 Not defined in file expand_doc_bib_avail. |f 1 |g 0 |h N |i 0 |k 1 | ||
| TYP | |a Monograph | ||
| TYP | |a Printed language | ||
| 980 | |a Mạng thư viện Đại học Đà Nẵng | ||